000 00495nam a22001937a 4500
003 CEME
005 20210628210029.0
008 210210b xxu||||| |||| 00| 0 eng d
020 _a1-58053-000-1
040 _c.
082 _a621.385 NOL
100 _aNoll, A. Michael
_977907
245 _aIntroduction to telephones and telephone systems
250 _a3RD
260 _aBOSTON
_bARTECH HOUSE
_c1998
300 _a374P
650 _aTELEPHONE TELEPHONE SYSTEM
_977908
942 _cBK
_2ddc
999 _c583090
_d583090